Mars attacks!. (Record no. 967)
[ view plain ]
| 000 -LEADER | |
|---|---|
| fixed length control field | 00989nam a2200229 a 4500 |
| 005 - DATE AND TIME OF LATEST TRANSACTION | |
| control field | 20260322212041.0 |
| 008 - FIXED-LENGTH DATA ELEMENTS--GENERAL INFORMATION | |
| fixed length control field | data |
| 020 ## - INTERNATIONAL STANDARD BOOK NUMBER | |
| International Standard Book Number | 1419874624 |
| 020 ## - INTERNATIONAL STANDARD BOOK NUMBER | |
| International Standard Book Number | 9781419874628 |
| 099 ## - LOCAL FREE-TEXT CALL NUMBER (OCLC) | |
| Classification number | DVD 510 |
| 001 - CONTROL NUMBER | |
| control field | data |
| 100 1# - MAIN ENTRY--PERSONAL NAME | |
| Personal name | Nicholson, Jack. |
| 245 10 - TITLE STATEMENT | |
| Title | Mars attacks!. |
| Statement of responsibility, etc. | Warner Bros. presents a film by Tim Burton. |
| 260 ## - PUBLICATION, DISTRIBUTION, ETC. | |
| Place of publication, distribution, etc. | Burbank, CA : |
| Name of publisher, distributor, etc. | Warner Home Video, |
| Date of publication, distribution, etc. | 1997, 1996. |
| 300 ## - PHYSICAL DESCRIPTION | |
| Extent | 1 videodisc (106 min.) : sd., col. ; |
| Other physical details | 4 3/4 in. |
| 500 ## - GENERAL NOTE | |
| General note | For specific features see interactive menu./ Participants: Jack Nicholson, Glenn Close, Annette Bening, Pierce Brosnan, Danny DeVito, Martin Short, Sarah Jessica Parker, Michael J. Fox, Rod Steiger, Tom Jones, Lukas Haas, Natalie Portman, Jim Brown,Lisa Marie, Sylvia Sid Sylvia Sidney./ Audience: Rated PG-13 |
| 520 ## - SUMMARY, ETC. | |
| Summary, etc. | Mean, green invaders from the angry red planet attempt to take over the earth. |
| 650 #0 - SUBJECT ADDED ENTRY--TOPICAL TERM | |
| Topical term or geographic name entry element | Comedy films |
| 650 #0 - SUBJECT ADDED ENTRY--TOPICAL TERM | |
| Topical term or geographic name entry element | Science fiction films |
| 700 1# - ADDED ENTRY--PERSONAL NAME | |
| Personal name | Close, Glenn. |
| Dates associated with a name | 1947- |
| 700 1# - ADDED ENTRY--PERSONAL NAME | |
| Personal name | Bening, Annette. |
| Withdrawn status | Lost status | Damaged status | Not for loan | Home library | Current library | Shelving location | Date acquired | Total checkouts | Full call number | Barcode | Date last seen | Price effective from | Koha item type |
|---|---|---|---|---|---|---|---|---|---|---|---|---|---|
| Riverside | Riverside | General stacks | 22/03/2026 | GEN | BC0010999 | 22/03/2026 | 22/03/2026 | Books |